01155aab a2200193 i 4500001001000000003001000010005001700020008004100037040001900078041000800097100003000105245005400135300007600189520053900265650001700804773011500821942000800936999001700944768714001CO-MdFUSB20240422101806.0240416t1983 ag ||||| |||| 00| 0 spa d bspacCO-MdFUSB aspa1 aPadilla, C. Renéeautor 0aToda la iglesia es misionerac/ C. René Padilla aVolumen 2, número 1, (enero - marzo, 1983), páginas: 4 - 5c; 27 cm aAfirmar el celo misionero de toda la iglesia contradice las creencias de los cristianos del primer siglo. Basta leer el libro de los Hechos para darse cuenta de que en la época apostólica el evangelio se difundía principalmente a través de la ferviente participación de los "laicos"en la obra misional. Urgentemente necesitamos recuperar la visión neotestamentaria de la Iglesia -pueblo de Dios, cuerpo de Cristo, comunidad del Espíritu- en la cual todos los miembros han sido llamados a servir a Dios a tiempo integral. 7aIglesia96550 tIglesia y Misión049402959626gVolumen 2, número 1, (enero - marzo, 1983), páginas: 4 - 5qpágina: 4  cANA c51310d51310